Περιαστικός αγροτικός χώρος : λειτουργίες-μεταμορφώσεις-προοπτικές

Αποθηκεύτηκε σε:
Λεπτομέρειες βιβλιογραφικής εγγραφής
Κύριος συγγραφέας: Μωυσίδης, Αντώνης
Συγγραφή απο Οργανισμό/Αρχή: Αγροτική Τράπεζα Ελλάδος Διεύθυνση Μελετών και Προγραμματισμού
Άλλοι συγγραφείς: Ζιώγα, Ντίνα
Μορφή: Βιβλίο
Γλώσσα:Greek
Δημοσίευση: Αθήνα : Αγροτική Τράπεζα της Ελλάδος, Διεύθυνση Μελετών και Προγραμματισμού, 1996
Σειρά:Μελέτες για την αγροτική οικονομία ; ; 52
Θέματα:
Ετικέτες: Προσθήκη ετικέτας
Δεν υπάρχουν, Καταχωρήστε ετικέτα πρώτοι!

MARC

LEADER 00000nam a2200000 i 4500
001 1/9462
008 970228s1996 gre d
020 |a 960-8405-29-7 
035 |l 10017482 
040 |a GR-MY-UA  |b gre  |e aacr 
041 0 |a gre 
082 0 |a 338.1 
100 1 |a Μωυσίδης, Αντώνης. 
110 2 |a Αγροτική Τράπεζα Ελλάδος  |b Διεύθυνση Μελετών και Προγραμματισμού. 
245 1 0 |a Περιαστικός αγροτικός χώρος :  |b λειτουργίες-μεταμορφώσεις-προοπτικές /  |c Αντώνης Μωυσίδης και Ντίνα Ζιώγα ; Με την επιστημονική συνεργασία της Μαρί-Νοέλ Ντυκέν 
260 |a Αθήνα :   |b Αγροτική Τράπεζα της Ελλάδος, Διεύθυνση Μελετών και Προγραμματισμού,   |c 1996 
300 |a 221 σ. 
490 1 |a Μελέτες αγροτικής οικονομίας  |v ; 52 
504 |a Περιέχει βιβλιογραφία 
650 0 0 |a Agriculture  |x Economic aspects. 
650 0 0 |a Agriculture  |x Research. 
700 1 |a Ζιώγα, Ντίνα. 
830 0 |a Μελέτες για την αγροτική οικονομία ;  |v ; 52 
852 |a INST  |b LESVOS  |e 19970228  |h 338.1 ΜΩΥ  |p 005100011922  |q 005100011922  |t BK  |y 0 
909 |a Λ  |b 049686 
922 |a 1ΔΩΡ  |b 199702